书目信息 |
| 题名: |
天线和雷达中的极化
|
|
| 作者: | 莫特 , 林冒禄 原著 | |
| 分册: | ||
| 出版信息: | 成都 电子科技大学出版社 1989 |
|
| 页数: | 356页 | |
| 开本: | 20cm | |
| 丛书名: | 边缘科学书系 | |
| 单 册: | ||
| 中图分类: | TN820.1 | |
| 科图分类: | ||
| 主题词: | 天线--极化(电子学) , 天线 , 极化(电子学) | |
| 电子资源: | ||
| ISBN: | 7-81016-193-8 | |
| 000 | 00985oam2 2200313 45 | |
| 001 | 0120062000045 | |
| 005 | 20070113110242.28 | |
| 010 | @a7-81016-193-8@dCNY28.80 | |
| 092 | @aCN@b491843 | |
| 100 | @a20060422e20051989em y0chiy0121 ea | |
| 101 | 1 | @achi@ceng |
| 102 | @aCN@b510000 | |
| 105 | @ay z 000yy | |
| 200 | 1 | @a天线和雷达中的极化@9tian xian he lei da zhong de ji hua@f(美)H·莫特原著@g林冒禄等译 |
| 210 | @a成都@c电子科技大学出版社@d1989@h2005重印 | |
| 215 | @a356页@d20cm | |
| 225 | 2 | @a边缘科学书系 |
| 320 | @a有书目 | |
| 330 | @a本书系统讲解了电磁波极化理论及应用问题。论理充分,概念清晰,密切结合雷达、通信中的工程实际。 | |
| 461 | 0 | @12001 @a边缘科学书系 |
| 510 | 1 | @aPolarization in antennas and radar@zeng |
| 606 | 0 | @a天线@x极化(电子学) |
| 606 | 0 | @a天线 |
| 606 | 0 | @a极化(电子学) |
| 690 | @aTN820.1@v4 | |
| 701 | 1 | @a莫特@9mo te@bH.@4原著 |
| 701 | 0 | @a林冒禄@9lin mao lu@4译 |
| 801 | 0 | @aCN@bLZJBOOK@c20070113 |
| 905 | @a10447@dTN820.1@e13 | |
| 天线和雷达中的极化/(美)H·莫特原著/林冒禄等译.-成都:电子科技大学出版社,1989(2005重印) |
| 356页;20cm.-(边缘科学书系) |
| ISBN 7-81016-193-8:CNY28.80 |
| 本书系统讲解了电磁波极化理论及应用问题。论理充分,概念清晰,密切结合雷达、通信中的工程实际。 |
| ● |
| 相关链接 |
|
|
|
|
正题名:天线和雷达中的极化
索取号:TN820.1/13
 
预约/预借
| 序号 | 登录号 | 条形码 | 馆藏地/架位号 | 状态 | 备注 |
| 1 | 0562685 | 205626857 | 第二样本阅览室/ [索取号:TN820.1/13] | 在馆 | |
| 2 | 0562686 | 205626866 | 第三借阅区/ [索取号:TN820.1/13] | 在馆 | |
| 3 | 0562688 | 205626884 | 第三借阅区/ [索取号:TN820.1/13] | 在馆 | |
| 4 | 0562689 | 205626893 | 第三借阅区/ [索取号:TN820.1/13] | 在馆 | |
| 5 | 0562690 | 205626900 | 第三借阅区/ [索取号:TN820.1/13] | 在馆 | |
| 6 | 0562691 | 205626919 | 第三借阅区/ [索取号:TN820.1/13] | 在馆 | |
| 7 | 0562692 | 205626928 | 第三借阅区/ [索取号:TN820.1/13] | 在馆 |